| 000 | 00883nam a2200193Ia 4500 | ||
|---|---|---|---|
| 999 |
_c37786 _d37786 |
||
| 001 | 3763 | ||
| 003 | GE_BSU | ||
| 005 | 20190806161949.0 | ||
| 008 | 181216s1977||||ge |||||||||||||| ||geo|| | ||
| 040 | _cGE_BSU | ||
| 041 | _ageo | ||
| 080 | _a091 ჭ–46 | ||
| 245 |
_aჭილ–ეტრატის იადგარი = Папирусно-пергаментная минея / _cგამოსცეს და გამოკვლევა დაურთეს ა შანიძემ, ა. მარტიროსოვმა და ა.ჯიშიაშვილმა. |
||
| 264 |
_aთბილისი : _bმეცნიერება, _c1977. |
||
| 300 |
_a300 გვ. ; _b26 სმ. |
||
| 490 |
_aძვ. ქართული ენის ძეგლები _v15 |
||
| 653 | _aჭილ–ეტრატის იადგარი. | ||
| 942 |
_cBK _2udc |
||